000 01998cam a22005174i 4500
003 PE-LiUPU
005 20250731180134.0
008 150625s r 000 0 d
035 _a(Sirsi) a38218
040 _aPE-LiUPU
_bspa
_cPE-LiUPU
_erda
082 0 4 _a551.202
_bP18
_221
100 1 _aPajuelo Prieto, Rómulo,
_eautor.
245 1 0 _aVida, muerte y resurrección :
_btestimonios sobre el sismo-alud 1970 /
_cRómulo Pajuelo Prieto.
264 1 _aYungay, Perú :
_bEdiciones El Inca,
_c2002.
300 _a237 páginas :
_bilustraciones, fotos ;
_c21 cm.
336 _atext
_2rdacontent
337 _aunmediated
_2rdamedia
338 _avolume
_2rdacarrier
505 0 _aTestimonio sobre el sismo. -Caraz. -Carhuaz. -Huaraz. -Yungay. .
526 _aSEG44
526 _aSEG26
526 _aP159
526 _aP155
526 _aP154
526 _aP153
526 _aP150
526 _aP100
526 _aP31
526 _aP30
526 _aP26
526 _aP25
526 _aP24
526 _aP22
526 _aP15
526 _aP10
650 0 4 _aTerremotos
_xTestimonios.
910 _a
942 _2ddc
_cBOOK
949 _a551.202 P18
_wDEWEY
_c1
_i57412
_lCCODEBUL1
_mBUL
_p6.00
_r0
_sY
_tBOOK
_u2015-06-25
_xBIBLIOTECA
_zUNKNOWN
_0COMPRA
_o.STAFF. Colección General
949 _a551.202 P18
_wDEWEY
_c2
_i57411
_lCCODEBUL1
_mBUL
_p6.00
_r0
_sY
_tBOOK
_u2015-06-25
_xBIBLIOTECA
_zUNKNOWN
_0COMPRA
_o.STAFF. Colección General
596 _a1
999 _a551.202 P18
_wDEWEY
_c46478
_i57412
_f2021-11-5
_g5
_lCCODEBUL1
_mBUL
_p6.00
_r0
_sN
_tBOOK
_u2015-6-25
_xBIBLIOTECA
_zUNKNOWN
_0COMPRA
_o.STAFF. Colección General
_d46478
999 _a551.202 P18
_wDEWEY
_c2
_i57411
_f2021-11-5
_g5
_lCCODEBUL1
_mBUL
_p6.00
_r0
_sN
_tBOOK
_u2015-6-25
_xBIBLIOTECA
_zUNKNOWN
_0COMPRA
_o.STAFF. Colección General
980 _81
_gALBERTO SANCHEZ Responsable de Automatización